000 00667nam a2200265Ia 4500
005 20251020182550.0
008 200515s9999 xx 000 0 und d
082 _aR/058:30/I61
110 _aInteriores Actualización Profesional
245 0 _aDirectorio de materiales y servicios
260 _aLima
260 _c1998
300 _a110
520 _aDirectorio de empresas que venden materiales para decoración y acabados
650 _aACABADOS
650 _aDECORACION
650 _aDIRECTORIOS
650 _aILUMINACION
650 _aLIB
650 _aMADERAS
650 _aMUEBLES
650 _aPISOS
650 _aSANITARIOS
942 _cLIB
999 _c2694
_d2694